Un Dios celoso: entre la cólera y el amor
Salvato in:
| Autore principale: | |
|---|---|
| Natura: | Libro |
| Lingua: | spagnolo |
| Pubblicazione: |
Pamplona
Verbo Divino
2011
|
| Serie: | Cuadernos Bíblicos, 149
|
| Soggetti: | |
| Tags: |
Aggiungi Tag
Nessun Tag, puoi essere il primo ad aggiungerne!!
|
MARC
| LEADER | 00000cam a2200000 a 4500 | ||
|---|---|---|---|
| 001 | UCF1442 | ||
| 003 | CL-VaPUC | ||
| 008 | 120706e20110000SP |||||||||||||||||spa|d | ||
| 020 | |a 9788499451695 | ||
| 082 | 0 | 4 | |a 220.6 |b REN |2 21 |
| 100 | 0 | |a Renaud, Bernard |e author |9 562977 | |
| 245 | 1 | 3 | |a Un Dios celoso: entre la cólera y el amor |
| 300 | |a 64 p | ||
| 942 | |c BK | ||
| 945 | |d 20120706 00:00:00 |a cmena | ||
| 260 | |a Pamplona |b Verbo Divino |c 2011 | ||
| 600 | 0 | |a Dios |9 314467 | |
| 650 | 0 | |a Interpretación crítica |9 323363 | |
| 650 | 0 | |a Exégesis |9 365279 | |
| 650 | 0 | |a Textos sagrados |9 257605 | |
| 650 | 0 | |a Biblia |9 257603 | |
| 583 | |a last modification |c 20120706 10:37:00 |k Rodrigo Vera | ||
| 490 | 0 | |a Cuadernos Bíblicos, 149 | |
| 999 | |c 348220 |d 348218 | ||
| 952 | |0 0 |1 0 |4 0 |6 220_600000000000000_REN_2011 |7 0 |8 A |9 450168 |a BIBTEO |b BIBTEO |d 2019-11-22 |i 488079K |o 220.6 REN 2011 |p 488079K |r 2025-01-17 |w 2019-11-22 |y BK |k ICR | ||
| 952 | |0 0 |1 0 |3 erb |4 0 |6 220_600000000000000_REN_2011 |7 0 |8 A |9 450169 |a BIBTEO |b BIBTEO |i 5296102 |o 220.6 REN 2011 |p 5296102 |r 2025-01-17 |w 2019-11-22 |y BK |z Catalogado en:20160708 |k ICR | ||